| 000 | 00740nam a2200253Ia 4500 | ||
|---|---|---|---|
| 003 | OSt | ||
| 005 | 20220924113142.0 | ||
| 006 | a|||||r|||| 00| 0 | ||
| 007 | ta | ||
| 008 | 220923b |||||||| |||| 00| 0 eng d | ||
| 024 | _a128610 | ||
| 037 | _cDictionary | ||
| 040 |
_aARTS _cARTS _beng |
||
| 041 |
_2eng _aeng |
||
| 082 | _aV753k, L2 (RR) | ||
| 100 |
_aFlemion Philip F _9169577 |
||
| 245 | 0 | _aHistorical dictionary of El Salvador | |
| 260 |
_aMetuchen _bScarecorw Press _c1972 |
||
| 300 |
_avi, 157p. _ccm. |
||
| 490 | _aLatin American historical dictionaries series ed by Acitives Wilgus; 5 | ||
| 650 | _aHISTORY | ||
| 942 |
_hV753k, L2 (RR) _cdic _2cc |
||
| 999 |
_c389376 _d389376 |
||